Word Ladder: Bond Villain and Weapon Quiz Stats

Quiz Updated Sep 2, 2016

Challenge
Share
Tweet
Embed
Score 0/11 Timer 01:00
3 Plays Today
Hint 3-Letter Word % Correct
To combine the total of two numbersADD
97.3%
To offer help or assistanceAID
95.1%
Weird or mysterious♦ODD-♦
95%
'Tit for ___'TAT
95%
A common term for a profession♦-JOB♦
94.9%
A short, quick punchJAB
94.5%
Bar bill to be paid in full laterTAB
93.9%
Headwear (this villain wears a bowler, for instance)♦HAT♦
91.4%
A curved human bone located in the torso RIB
90.4%
To steal or pilferROB
89.7%
To free one's self of somethingRID
87.8%

Today's Daily Dose

You're not logged in!

Compare scores with friends on all Sporcle quizzes.
Sign Up with Email
OR
Log In

You Might Also Like...

Show Comments

Extras

Top Quizzes Today


Score Distribution

Your Account Isn't Verified!

In order to create a playlist on Sporcle, you need to verify the email address you used during registration. Go to your Sporcle Settings to finish the process.